Vandali poškodili súsošie

Bibliographic Details
Format: Article
Language:Slovak
PhysicalDescription:Fotogr.
ISSN:1335-4566
Subjects:

MARC

LEADER 00000nab a2200000 a 4500
001 vtls008422787
003 SK-MaSNL
005 20260303074359.0
008 060110c20060110xo drz 0 0slo
038 |a KEVKJB 
040 |a KEVKJB  |b slo  |c KEVKJB  |e AACR2 
041 0 |a slo 
044 |a xo  |c SK 
080 |a 730  |2 UDC-MRF-SK2 
080 |a 7.025  |2 UDC-MRF-SK2 
245 0 0 |a Vandali poškodili súsošie  |c [autor] (krs) 
300 |b Fotogr. 
650 0 7 |a morové stĺpy  |2 kevkjb  |9 99210 
651 7 |a Medzev (Slovensko)  |2 kevkjb  |9 25106 
651 7 |a Košice-okolie (Slovensko : okres)  |2 kevkjb  |9 146743 
773 0 |t Košický denník Korzár  |g Roč. IX, č. 7 (10.1.2006), s. 2  |x 1335-4566 
852 |a KEVKJB  |b KIS3GCP 
999 |c 1771421  |d 1773351